Statistics for Blitz 45

Click here to take the quiz!

General Stats

  • This quiz has been taken 2 times
  • The average score is 9 of 24

Answer Stats

HintAnswer% Correct
to comprehend, to perceive the meaning ofunderstand
100%
a shelf to hold reading materialbookcase
50%
something used to hold one's place in a bookbookmark
50%
a type of dog with a flat face and short stubby legsbulldog
50%
someone who likes to push others around or intimidate othersbully
50%
period of time one is a child;state of being a childchildhood
50%
to quality of being morally goodgoodness
50%
friendly, helpful or cooperative attitudegoodwill
50%
what is put in or operated on by a systeminput
50%
state of being a manmanhood
50%
to move forward by force, to exert pressure in order to move somethingpushing
50%
a tack with a plastic spherical headpushpin
50%
to be sorry for something you have doneregretful
50%
to get in the way; constantly present,underfoot
50%
opposite of hookunhook
50%
a North American marmot with a thick body and short legswoodchuck
50%
state of being an adultadulthood
0%
a surprise attack by people waiting in concealment.ambush
0%
a fence/enclosure for bullsbullpen
0%
an oval shaped ball used for playing a game on a fieldfootball
0%
containing or holding as much as possiblefullest
0%
full of fun and playplayful
0%
state of being a sistersisterhood
0%
a book used for a certain subject and for worktextbook
0%

Score Distribution

Percentile by Number Answered

Percent of People with Each Score

Your Score History

You have not taken this quiz